000 00335nam a2200157Ia 4500
001 17519
003 IN-NITTTR
005 20251114233206.0
008 251113s9999||||xx |||||||||||||| ||eng||
040 _beng
040 _cIN-NITTTR
041 _aeng
082 _a912 B283
245 0 _aBartholomew world atlas. /
942 _2ddc
_cBK
999 _c20153
_d20153